<Les> Transformations du "dilemme" clévien dans le roman français du premier XVIIIe siècle

Guardado en:
Detalles Bibliográficos
Autor principal: Tureková, Andrea, 1979-
Formato: Capítulo de libro
Lenguaje:francés
Materias:
Etiquetas: Agregar Etiqueta
Sin Etiquetas, Sea el primero en etiquetar este registro!

MARC

LEADER 00000naa a2200000 4500
001 0258531
005 20240502083734.9
041 0 |a fre 
044 |a RO 
245 1 0 |a <Les> Transformations du "dilemme" clévien dans le roman français du premier XVIIIe siècle  |c Andrea Tureková 
610 2 0 |a literatúra 
610 2 0 |a jazyky cudzie 
610 2 0 |a francúzština 
100 1 |a Tureková, Andrea, 1979-